Československá psychologie časopis pro psychologickou teorii a praxi

Gespeichert in:
Bibliographische Detailangaben
Format: Schriftenreihe
Sprache:Tschechisch
Veröffentlicht: Praha Psychologický ústav AV ČR
Schlagworte:
Tags: Tag hinzufügen
Keine Tags, Fügen Sie das erste Tag hinzu!

MARC

LEADER 00000nas1a22000001 4500
001 s120607
005 20250701092128.5
022 |a 0009-062X 
022 |a 1804-6436 
041 0 |a cze 
044 |a CZ 
245 1 0 |a Československá psychologie  |b časopis pro psychologickou teorii a praxi 
264 1 |a Praha  |b Psychologický ústav AV ČR 
610 2 0 |a psychológia 
610 2 0 |a štúdie psychologické